00615 2200217 4500001002100000005001700021008004100038035002400079040001200103082000800115090001500123100002000138245008100158260004200239300002900281500001100310650003400321850001200355990001500367990001500382YOGYA-0209000002920620090227024315.0 eng  0010-020900000029206 aYOPDYOG a923 a923bHoo M aHOOVER, Herbert aThe memoirs of Herbert HooverbYears of adventures 1874-1920cHerbert Hoover aNew YorkbThe Macmillan Companyc1952 axi, 496 hlmbilusc24 cm aIndeks aHebert Hoover - Riwayat Hidup aYOPDYOG aA000008895 aA000008896